02055njm a2200325Ia 450000100060000000300090000600500170001500800410003204000130007304000130008604100120009910000110011110000180012210000380014024500250017825000110020326000090021426000380022330000170026150000550027850506150033365000570094870000990100570001230110470001130122770001090134070000850144970000970153470000980163126612IT-RoPAU20220918181128.0131025s9999 xx 000 0 und d aIT-RoPAU cIT-RoPAU aINGLESE aAA.VV. eAutore musica gCodice autore musica SPICS: 12000 aMerry Christmas From a2a ed. aROMA bSPICS RECORDSc1985 [1a Ed.:1979] aMUSICASSETTA aMusica natalizia. Canzoni natalizie. Arrangiamento a* Silent Night (Ella Fitzgerald) - Adeste Fideles (Nat King Cole) - Let It Snow! Let It Snow! Let It Snow! (Dean Martin) - Have Yourself A Merry Little Christmas (Jackie Gleason) - I Like A Sleighride (Peggy Lee) - I'll Be Home For Christmas (The Beach Boys) - Christmas Dinner Country Style (Bing Crosby) - O Holy Night (Nat King Cole) - Littke Drummer Boy (Jo Stafford) - White Christmas (Dean Martin) - O Little Town of Bethlehem (Ella Fitzgerald) - Do You Hear What I Hear? (Bing Crosby) - Santa Claus Is Comin'g To Town (The Beach Boys) - The First Noel (Ella Fitzgerald) - The Christmas Waltz (Peggy Lee) aARRANGIAMENTO [CASSETTE]eCodice MATERIA SPICS: 9951 aCole Nat KingdCodice autore musica SPICS: 16161eAutore musicapO Holy Night - Adeste fideles aMartin DeandCodice autore musica SPICS: 28543eAutore musicapWhite Christmas - Let It Snow! Let It Snow! Let It Snow aFitzgerald ElladCodice autore musica SPICS: 10784eAutore musicapO Little Town of Bethlehem - Silent Night aJackie GleasondCodice autore musica SPICS: 34618eAutore musicapHave Yourself A Merry Little Christmas aLee PeggydCodice autore musica SPICS: 27554eAutore musicapI Like A Sleighride aThe Beach BoysdCodice autore musica SPICS: 34619eAutore musicapI'll Be Home For Christmas aCrosby BingdCodice autore musica SPICS: 16409eAutore musicapChristmas Dinner Country Style